Cartas de París, 1925
Na minha lista:
| Autor principal: | |
|---|---|
| Formato: | Livro |
| Idioma: | espanhol |
| Publicado em: |
Madrid
La Fábrica
2009
|
| Colecção: | Biblioteca Blow Up. Libros Unicos
|
| Assuntos: | |
| Tags: |
Adicionar Tag
Sem tags, seja o primeiro a adicionar uma tag!
|
MARC
| LEADER | 00000nam a2200000 a 4500 | ||
|---|---|---|---|
| 001 | UCH8840 | ||
| 003 | CL-VaPUC | ||
| 008 | 091211e20090000SP |||||||||||||||||spa|d | ||
| 020 | |a 9788492498598 | ||
| 082 | 0 | 4 | |a 709.04 |b ROD |2 21 |
| 100 | 0 | |a Rodchenko, Alexander |e author |9 545585 | |
| 245 | 1 | 0 | |a Cartas de París, 1925 |
| 300 | |a 170 p | ||
| 942 | |c BK | ||
| 945 | |d 20091211 00:00:00 |a dcastane | ||
| 260 | |a Madrid |b La Fábrica |c 2009 | ||
| 650 | 0 | |a Literatura rusa |9 318370 | |
| 650 | 7 | |a CONSTRUCTIVISMO RUSO |2 CL-VaPUC |9 545586 | |
| 650 | 0 | |a Arte ruso |9 439585 | |
| 583 | |a last modification |c 20091211 00:00:00 |k Rodrigo Vera | ||
| 490 | 0 | |a Biblioteca Blow Up. Libros Unicos | |
| 999 | |c 338947 |d 338945 | ||
| 952 | |0 0 |1 0 |4 0 |6 709_040000000000000_ROD_2009 |7 0 |8 R |9 432253 |a BIBART |b BIBART |d 2019-11-22 |i 4624971 |l 4 |o 709.04 ROD 2009 |p 4624971 |r 2025-03-13 |s 2023-06-07 |w 2019-11-22 |y BK_R |k ART | ||